Frasier: Expert Trivia - Statistics

General Stats
  • This quiz has been taken 153 times
    102 since last reset
  • The average score is 18 of 100
Answer Stats
Hint Answer % Correct
What drink does Frasier regularly offer Niles when he comes over? Sherry
88%
What is the name of the highly coveted head position of the Wine Club called? Corkmaster
71%
How many times has Daphne been engaged? 4
55%
Frasier's couch is a replica of what famous person's couch? Coco Chanel
53%
Who is Frasier's neighbor and arch-nemesis? Cam Winston
49%
What does the license plate on Martin's Winnebago say? RDWRER
44%
Who does Daphne dress as for Frasier’s “dress as your hero” themed Halloween party? Elton John
41%
What is Mel's profession? Plastic surgeon
41%
What does Martin hide in the box of Velveeta in the fridge? Viagra
41%
What state is Roz's mother the governor of? Wisconsin
39%
Frasier and Niles become dealers for an underground smuggler of what? Caviar
36%
What famous TV personality is Bebe also the agent of? Dr. Phil
35%
What psychological approach is Niles trained in? Jungian
35%
What dingy apartment building is Niles forced to move into during his divorce? The Shangri-La
35%
What war did Martin fight in? Korean War
33%
What is Maris' family's wealth secretly in? Urinal cakes
33%
What song does Frasier forget the lyrics to at the PBS Pledge Drive? "Buttons and Bows"
31%
What do Niles and Daphne name their baby? David Crane
31%
What is Frasier's first wife's stage name as a child entertainer? Nanny G
31%
What do the residents at the retirement home she volunteers at call Roz? The Angel of Death
31%
In the final scene of the show, where does Frasier board a plane to? Chicago
30%
What job does Roger have that embarrasses Roz? Garbageman
30%
Who hosts KACL's "Eye in the Sky" traffic reports? Chopper Dave
29%
What show does Bulldog host at KACL? Gonzo Sports Show
29%
After Duke's closes, what bar does Martin hang out at? McGinty's
29%
After taking their bear clock to the Antiques Roadshow, what family do the Cranes falsely believe they are descended from? The Romanovs
29%
What business is located across the street from KACL? Café Nervosa
28%
What are the Seattle broadcasting awards called? The SeaBees
28%
Who does Bulldog dress up as for Niles' literary themed Halloween party? Waldo
28%
Who holds the position of station manager at KACL for the longest time? Kenny Daly
26%
What breed is Eddie? Jack Russell Terrier
25%
Where did Maris steal a jeweled crucifix from? The Vatican
25%
The Garretts have what large feature that Roz worries will be passed down to Alice? Noses
24%
What does Roz name her Dalmatian puppy? Ariel
20%
What foods are mentioned in the show's theme song? Tossed salads and scrambled eggs
20%
Roz agrees to go to prom with Kirby in exchange for tickets to what concert? Bruce Springsteen
19%
What is Frederick's middle name? Gaylord
19%
What is Charlotte's occupation? Matchmaker
19%
What beer does Martin drink? Ballantine
18%
What does the bumper sticker on Frasier's car say? "I'm pro-opera and I vote"
18%
What item does Niles loan to Maris that she uses to murder her boyfriend? An antique crossbow
16%
Whose retirement party do the Cranes go to Boston to attend? Cliff Clavin
16%
Back in prep school, what did the Existentialist Club vote Frasier? Most likely to be
16%
What is Frasier's apartment number? 1901
15%
What animal is released into Frasier's apartment to catch a cricket? Gecko
15%
When Frasier sneaks into Daphne's room, who does he see a photo of her with? Prince Charles
15%
What is Daphne's birthstone? Sapphire
15%
What is Niles depicted as in the boudoir painting Maris commissioned of him? A satyr
13%
What is the name of the prep school Frasier and Niles attended? Bryce Academy
13%
Finish the Niles quote: All my life I have dreamed of one thing – to walk into a library, look through the card catalog and see my name under ________ ________. Mental illness
13%
What book does Frasier want to read with Frederick on their camping trip? Walden
13%
What is Martin's signature tacky Christmas decoration? A Rudolph wreath
10%
What rockstar briefly lives in the penthouse of the Elliot Bay Towers? Freddie Chainsaw
10%
According to Martin, "the sea starting to churn and all the birds taking flight from the trees" is a sign that who is near? Lilith Sternin
10%
What controversial psychological theory is Frasier trained in? Psychoanalysis
10%
Who was Niles arrested for "mooning?" Richard Nixon
10%
When is Frasier Crane Day? September 11
10%
What does Roz have tattooed on her upper thigh? Tweety Bird
10%
According to Crane family legend, when Aunt Zora was 5 years old she would strangle Nazis with what object? A jump rope
9%
Where does Frasier take Claire on vacation? Belize
9%
What British pub does Daphne frequent? Fox and Whistle
9%
Who did Frasier lose his virginity to? His piano teacher
9%
What show does Gil host at KACL? Restaurant Beat
9%
What is the name of the crime series Frasier and Niles wrote when they were young? The Crane Boys' Mysteries
9%
How many women does Frasier date throughout the duration of the show? 57
8%
Finish the Niles quote: "Ah, yes, thick and gooey. _____ in its purest form." Ganja
8%
What is the name of the restaurant Frasier and Niles open? Les Freres Heureux
8%
What British TV show did Daphne star in as a child? Mind Your Knickers
8%
What does Eddie constantly do to Frasier? Stares
8%
What is Kelly's part-time job that supports her zoology PhD work? Supermodel
8%
Where did Donny get his law degree? University of Las Vegas
8%
What is the name of Martin's old police horse? Agides
6%
What girlfriend has Frasier to pretend he is Jewish to appease her mother? Faye Moskowitz
6%
Who does William Shatner have a restraining order against? Noel Shempsky
6%
A branch of Maris' family was slaughtered by which religious group of French Protestants? The Huguenots
6%
What is Niles nicknamed after he makes an impressive shot at a SuperSonics basketball game? Half-Court Crane
5%
Who is depicted on Frasier's coffee mug set? Henry VIII's wives
5%
Who does Martin mistakenly believe could be Frasier and Niles' real father? Leland Barton
5%
Which of her brothers is Daphne's favorite? Stephen Moon
5%
What number on the dial can KACL be found? 780 AM
4%
What word wins Frederick the National Spelling Championship before his trophy is revoked? Hermeneutic
4%
What does Niles say is true about a man who is well-groomed? He's not getting any
4%
Who is Alice's father? Rick Garrett
4%
Where did Niles and Daphne go on their honeymoon? Tahiti
4%
What is the only published novel of T.H. Houghton? "Time Flies Tomorrow"
4%
Who is it implied that Frasier ends up with after the series finale? Charlotte Connor
3%
Who is Alice Doyle's nemesis? Gertrude Moon
3%
What is the name of the song Martin writes for Frank Sinatra? "Lady of Mine"
3%
What is the name of the play Diane produces while visiting Seattle? "Rhapsody and Requiem"
3%
What type of shellfish is Niles allergic to? Scallops
3%
What were Frasier and Niles named after? Their mother's lab rats
3%
What was the code name of the unsolved case Martin obsesses over? Weeping Lotus
3%
Finish the Gil quote: "I just want to say that your KACL family will be here for you as you take your first brave steps on that _____ _____ _____ to pride and self-acceptance and..." Yellow brick road
3%
Where does Daphne give birth? A veterinary clinic
1%
Who shot Martin when he was a police officer? David Hicks
1%
Who is responsible for Niles' compulsive furniture wiping? Veronica "Ronee" Lawrence
1%
What are the Cranes never able to do successfully throughout the series despite their attempts? Host dinner parties
0%
What profession did Frasier encourage his cousin Niko to pursue? Professional juggling
0%
This phrase appears on Kirby's shirt when he's studying U.S. History with Frasier: "Chicks dig _____ _____ _____." Scrawny pale guys
0%
What brothers tormented Frasier and Niles in junior high? The Kriezels
0%
No matching quizzes found
Score Distribution
Percent of People with Each Score
Percentile by Number Answered
Your Score History
You have not taken this quiz since the last reset